Campeones del Fútbol Argentino desde el 2000 - Muerte Súbita - Estadísticas

Estadísticas generales
  • Esta prueba ha sido intentada 381 veces
  • La puntuación promedio es 6 de 12
Answers on the Grid
Answers color-coded by a green-red scale on the quiz's grid according to % correct below.
Talleres
Boca Juniors
Defensa y Justicia
Huracán
Argentinos Juniors
Racing
Arsenal
Ferrocarril Oeste
Vélez Sarsfield
Godoy Cruz
Nacional
Independiente
Estudiantes de La Plata
River Plate
Gimnasia de La Plata
Lanús
Tigre
San Lorenzo
Banfield
Barracas Central
Rosario Central
Newell's Old Boys
Belgrano
Colón de Santa Fe
 
Estadísticas de respuestas
Respuesta % Correcto
Boca Juniors
93%
Racing
69%
River Plate
67%
Vélez Sarsfield
54%
Independiente
52%
Estudiantes de La Plata
48%
San Lorenzo
47%
Lanús
44%
Argentinos Juniors
36%
Banfield
34%
Newell's Old Boys
32%
Arsenal
30%
No se encontraron pruebas coincidentes
Distribución de puntuación
Porcentaje de gente con cada puntuación
Porcentaje por número respondido
Historial de tus puntuaciones
No has intentado esta prueba.